000 00676nam a2200241Ia 4500
005 20260430150106.0
008 008 250103s9999 xx 000 0 eng d
037 _aTheses
040 _aCRL
040 _beng
040 _ceng
041 _2eng
041 _aeng
084 _qCRL
100 _aMalik Anku Au.; Geeta Trilok Kumar Gu.
_91236430
245 0 _aBody composition, bone and muscile strength of school children (8-14 Years) born low birth weight at term
260 _c2021
300 _a179p.
650 _aHome Science
700 _aUniversity of Delhi. Faculty of Science. Department of Home Science
942 _cTH
999 _c1848925
_d1848925